<?xml version="1.0" encoding="UTF-8"?>
<record
    xmlns:xsi="http://www.w3.org/2001/XMLSchema-instance"
    xsi:schemaLocation="http://www.loc.gov/MARC21/slim http://www.loc.gov/standards/marcxml/schema/MARC21slim.xsd"
    xmlns="http://www.loc.gov/MARC21/slim">

  <leader>00795naa a22001571i 4500</leader>
  <controlfield tag="001">9605</controlfield>
  <controlfield tag="003">KOSZ 005</controlfield>
  <controlfield tag="005">20180404143445.0</controlfield>
  <controlfield tag="008">180404s2006    rm ||||f |||| 10| 0 eng|d</controlfield>
  <datafield tag="040" ind1=" " ind2=" ">
    <subfield code="c">KOSZ 005/HR</subfield>
  </datafield>
  <datafield tag="100" ind1=" " ind2=" ">
    <subfield code="a">KATZER, Jacek.</subfield>
    <subfield code="d">1999 - 2012.</subfield>
    <subfield code="b">Politechnika Koszali&#x144;ska - Wydzia&#x142; Budownictwa i In&#x17C;ynierii &#x15A;rodowiska,</subfield>
    <subfield code="c">Katedra Budownictwa i Materia&#x142;&#xF3;w Budowlanych</subfield>
  </datafield>
  <datafield tag="245" ind1="1" ind2="0">
    <subfield code="a">Thermal properties of SFRM /</subfield>
    <subfield code="c">Jacek Katzer.</subfield>
  </datafield>
  <datafield tag="655" ind1=" " ind2="0">
    <subfield code="a">Materia&#x142;y konferencyjne.</subfield>
  </datafield>
  <datafield tag="773" ind1="0" ind2=" ">
    <subfield code="i">W :</subfield>
    <subfield code="t">Lucr&#x103;rile &#x15F;tiin&#x163;ifice ale Simpozionului Interna&#x163;ional Multidisciplinar "Universitaria SIMPRO" 2006 : &#x15F;tiin&#x163;e socio - umane filologie : 13-14 octombrie 2006 / Ministerul Educa&#x163;iei &#x15F;i Cercet&#x103;rii Universitatea din Petro&#x15F;ani. -</subfield>
    <subfield code="d">Petro&#x15F;ani, 2006. -</subfield>
    <subfield code="g">s. 56-59.</subfield>
  </datafield>
  <datafield tag="942" ind1=" " ind2=" ">
    <subfield code="c">ROZ</subfield>
    <subfield code="2">UKD</subfield>
  </datafield>
  <datafield tag="999" ind1=" " ind2=" ">
    <subfield code="c">9605</subfield>
    <subfield code="d">9605</subfield>
  </datafield>
</record>
